000
00478nam a2200145Ia 4500
008
100204s9999 xx 000 0 und d
082
_b
17983
100
_a
भुर्के श्याम
245
_a
पुणं -एक साठवणं
260
_b
"सन पब्लिकेशन्स , पुणे"
_c
1994
300
_a
175
630
_a
पुणं -एक साठवणं
730
_a
पुणं -एक साठवणं
942
_c
BOOK
999
_c
462406
_d
462403